00414nam a22001217a 4500008004100000040005500041080001900096245007000115260007100185300001000256650001300266653001300279230612b |||||||| |||| 00| 0 eng d aNational Science LibrarycNational Science Library a687.3(540)bJ8 aHosiery industry (all India)c/ Ministry of Commerce and Industry aNew Delhi: bMinistry of Commerce and Industry, c1957 a147p. aLanguage aIndustry